000 01034nam a2200241 a 4500
001 83922
003 BD-RjUL
005 20240627100118.0
008 240627s2009 bg a|||| m||| 00| 0 eng d
035 _a(BD-RjUL)83922
040 _aBD-RjUL
_beng
_cBD-RjUL
_dBD-RjUL
041 _aeng
082 _223
_a635.217
_bKHE 2009
100 _aKhan, Md. Anis
_913354
245 1 0 _aEffect of Different Levels of Irrigation and Potassium on some Agronomical Characters and Yield of Four High Yielding Varieties of Potato (Solanum Tuberosum) /
_cBy Md. Anis Khan ;
_6Supervisor : M. A. Khaleque
260 _aRajshahi :
_bDepartment of Genetic Engineering and Biotechnology, University of Rajshahi,
_c2009
300 _av, [12], 286 Leaves :
_bill, ;
_c29 cm.
502 _aThesis (Ph. D.) -- Department of Genetic Engineering and Biotechnology, University of Rajshahi, 2009
504 _aReferences : Leaves [266]-280
650 _aHorticulture
_vIrrigation
_xPotato
_913355
700 _aKhaleque, M. A., Supervisor
_94376
942 _2ddc
_cTHE
999 _c83922
_d83922